| 000 | 00656nam a2200193 a 4500 | ||
|---|---|---|---|
| 001 | 000024224 | ||
| 005 | 20200930022825.0 | ||
| 008 | 110125s2005 dr a 000 0 spa d | ||
| 020 | _a9993424161 | ||
| 040 |
_aDO-SdBNP _bspa _cBNPHU |
||
| 100 | 1 |
_aGimeno, María Consuelo _949748 |
|
| 245 | 1 | 0 |
_aApuntes y estrategias para el desarrollo local / _cMaría Consuelo Gimeno ; Nicolás Guevara. |
| 260 |
_aSanto Domingo : _bCentro Cultural Proveda, _c2005. |
||
| 300 |
_a59 p. ; _c28 cm. |
||
| 490 | 1 |
_aCuadernos de sociedad y educación _vno. 17 |
|
| 700 | 1 |
_aGuevara, Nicolás _922224 |
|
| 890 | 0 |
_aCuadernos de sociedad y educación _vno. 17 |
|
| 049 | _aBNPD | ||
| 999 |
_c23718 _d23718 |
||